Rangmadhya Parichay Colour Pencil (Record no. 241126)

MARC details
000 -LEADER
fixed length control field 00325pam a2200133 a 4500
020 ## - INTERNATIONAL STANDARD BOOK NUMBER
Terms of availability
041 ## - LANGUAGE CODE
Language code of original
082 ## - DEWEY DECIMAL CLASSIFICATION NUMBER
Classification number 741.24
Item number DEH
100 ## - MAIN ENTRY--PERSONAL NAME
Personal name Rahul deshpande.
245 ## - TITLE STATEMENT
Title Rangmadhya Parichay Colour Pencil
Medium Textual Documents
260 ## - PUBLICATION, DISTRIBUTION, ETC.
Place of publication, distribution, etc. [s.l]:
Name of publisher, distributor, etc. Jyotsna Prakashan Pune,
Date of publication, distribution, etc. 2007.
300 ## - PHYSICAL DESCRIPTION
Extent 46:
Other physical details paper.
930 ## - EQUIVALENCE OR CROSS-REFERENCE-UNIFORM TITLE HEADING [LOCAL, CANADA]
Uniform title 7336
Holdings
Withdrawn status Lost status Damaged status Not for loan Collection Home library Current library Date acquired Source of acquisition Cost, normal purchase price Total Checkouts Full call number Barcode Date last seen Copy number Price effective from Koha item type
          College of Fine Arts, Pune College of Fine Arts, Pune 12/12/2015 Bhararti Sahakari Grahak Bhandar 130.00   741.24 DEH FAP-7868 07/03/2023 2 07/03/2023 Book
          College of Fine Arts, Pune College of Fine Arts, Pune 12/12/2015 Bhararti Sahakari Grahak Bhandar 130.00   741.24 DEH FAP-7867 07/03/2023 1 07/03/2023 Book